Charakterizácia slivovíc fluorescenčnou spektrometriou diplomová práca

Salvato in:
Dettagli Bibliografici
Autore principale: Kovácsová, Mária
Natura: Libro
Lingua:slovacco
Pubblicazione: Bratislava STU FCHPT 2015
Accesso online:Visualizza in OPAC
Tags: Aggiungi Tag
Nessun Tag, puoi essere il primo ad aggiungerne!!

MARC

LEADER 00000nam a2200000 a 4500
005 20260127134119.0
008 160108 2015 000 0 slo d
035 |a vtls011430773 
039 9 |y 201601081056  |z mschk03 
040 |a STUSCHK1  |b slo  |c STUSCHK1  |e AACR2 
100 1 |a Kovácsová, Mária 
245 1 |a Charakterizácia slivovíc fluorescenčnou spektrometriou  |b diplomová práca  |c Mária Kovácsová 
260 |a Bratislava  |b STU FCHPT  |c 2015 
300 |a 51 s.  |b il.  |c 25 cm 
500 |a Študijný program: technická chémia 
500 |a Študijný odbor: chémia, chemické technológie 
500 |a Školiace pracovisko: Odd. analytickej chémie 
500 |a Evid. číslo: FCHPT-5459-44153 
910 |a SCHK95 
999 |c 4394  |d 4394